000
00252nam a2200109Ia 4500
008
220204s9999 xx 000 0 und d
082
_a
658.3
_b
FOX
100
_a
Fox, Alan
245
0
_a
Man management
260
_a
London
_b
Hutchinson
_c
1974
942
_c
BK
999
_c
28547
_d
28547